| 000 | 00440nam a22001697a 4500 | ||
|---|---|---|---|
| 003 | NUST - PNEC | ||
| 005 | 20170116181143.0 | ||
| 008 | 151008b xxu||||| |||| 00| 0 eng d | ||
| 020 | _a9780199064380 | ||
| 040 | _cLIBRARY | ||
| 082 | _a954.91053 MAL | ||
| 100 |
_914813 _aLodhi ,Maleeha |
||
| 245 |
_aPakistan Beyond The Crisis State _cMaleeha,Lodhi |
||
| 260 | _cc 2012 | ||
| 650 |
_914814 _aCrisis State _xGeneral |
||
| 942 |
_2ddc _cBK |
||
| 999 |
_c70582 _d70582 |
||